Human rights: problems and solutions (Record no. 403515)

000 -LEADER
fixed length control field 00421cam a22001457a 4500
008 - FIXED-LENGTH DATA ELEMENTS--GENERAL INFORMATION
fixed length control field 180718b2005 xxu||||| |||| 00| 0 eng d
020 ## - INTERNATIONAL STANDARD BOOK NUMBER
International Standard Book Number 8121208246
082 ## - DEWEY DECIMAL CLASSIFICATION NUMBER
Classification number C41x54 K11
100 ## - MAIN ENTRY--PERSONAL NAME
Personal name Kaarthikeyan, D.R.
245 ## - TITLE STATEMENT
Title Human rights: problems and solutions
Statement of responsibility, etc. by D.R. Kaarthikeyan
260 ## - PUBLICATION, DISTRIBUTION, ETC.
Place of publication, distribution, etc. New Delhi
Name of publisher, distributor, etc. Gyan
Date of publication, distribution, etc. 2005
300 ## - PHYSICAL DESCRIPTION
Extent 284p.
650 ## - SUBJECT ADDED ENTRY--TOPICAL TERM
Topical term or geographic name entry element Women - Law and legal status, etc.
650 ## - SUBJECT ADDED ENTRY--TOPICAL TERM
Topical term or geographic name entry element Human rights - India
Holdings
Withdrawn status Lost status Damaged status Not for loan Permanent Location Current Location Date acquired Full call number Barcode Date last seen Price effective from Koha item type
        Indian Institute of Public Administration Indian Institute of Public Administration 2005-03-04 C41x54 K11 79962 2018-07-21 2018-07-21 Book

Powered by Koha